| 000 | 00971ncm1a2200289 i 4500 | ||
|---|---|---|---|
| 001 | RU\NLR\ONIZ\218737 | ||
| 005 | 20241221122903.0 | ||
| 010 | _a5295035832 | ||
| 035 | _aRU\NLR\ONIZ\GALA\5000030657\20170613133144 | ||
| 035 | _a(NLR Aleph) 011415225 | ||
| 090 |
_a11580882 _c11580882 |
||
| 100 | _a20170613g20059999|||y0rusy50 ca | ||
| 101 | 0 | _arus | |
| 102 | _aRU | ||
| 200 | 1 |
_aСочинения _bНоты _dƏҫəрҙəр _zbak _fЗ. Исмагилов |
|
| 210 |
_aУфа _cКитап _d2005- |
||
| 215 | _d30 см | ||
| 300 | _aТит. л. башк., контртит. рус. | ||
| 686 |
_aЩ9я44(2Р=Баш) _vLBC/SL _2rubbk |
||
| 700 | 1 |
_9z04790 _aИсмагилов _bЗ. Г. _f1917-2003 _gЗагир Гарипович _4230 |
|
| 790 | 1 |
_9z04700 _aИсмəғилев _bЗ. _f1917-2003 _gЗаhир _4230 _7ca |
|
| 801 | 0 |
_aRU _bNLR _c20170613 _gPSBO |
|
| 801 | 1 |
_aRU _bNLR _c20170613 _2rusmarc |
|
| 801 | 2 |
_aRU _bNLR _c20181016 |
|
| 942 | _cSCORE | ||
| 980 | _aONIZ | ||